banner koha

Caracterização química do óleo essencial da erva cidreira (Lippia alba (Mill.) N. E. Br.) cultivada em Ilhéus na Bahia (Registro n. 298587)

MARC details
000 -LÍDER
fixed length control field 02429nab a2200289 i 4500
003 - CÓDIGO MARC DA AGÊNCIA CATALOGADORA
Campo de controle BR-BrBNA
005 - DATA E HORA DA ÚLTIMA ATUALIZAÇÃO
Campo de controle 20240223095940.0
008 - CAMPO DE TAMANHO FIXO
fixed length control field 240223b2006 bl.qr|p|oa||| 00| 0 por |
040 ## - FONTE DA CATALOGAÇÃO
Agência catalogadora BR-BrBNA
Idioma da catalogação por
072 ## - CATEGORIA AGRIS
Código AGRIS F60
100 ## - ENTRADA PRINCIPAL - NOME PESSOAL
Nome pessoal Silva, N.A.
100 ## - ENTRADA PRINCIPAL - NOME PESSOAL
Nome pessoal Oliveira, F.F.
100 ## - ENTRADA PRINCIPAL - NOME PESSOAL
Nome pessoal Costa, L.C.B.
100 ## - ENTRADA PRINCIPAL - NOME PESSOAL
Nome pessoal Bizzo, H.R.
100 ## - ENTRADA PRINCIPAL - NOME PESSOAL
Nome pessoal Oliveira, R.A.
245 ## - TÍTULO PRINCIPAL
Título principal Caracterização química do óleo essencial da erva cidreira (Lippia alba (Mill.) N. E. Br.) cultivada em Ilhéus na Bahia
500 ## - NOTA GERAL
Nota geral Publicação on-line; 11 ref.; 1 table; Summaries (En, Pt)
942 ## - ADDED ENTRY ELEMENTS (KOHA)
Koha item type
520 ## - NOTA DE RESUMO
Nota de conteúdo <br/><br/>RESUMO: <br/><br/>O óleo essencial da Lippia alba (Mill.) N. E. Br. coletada em Ilhéus (Bahia), nas<br/>diferentes estações sazonais, foi extraído por hidrodestilação durante 1 hora, utilizando aparelho<br/>Clevenger. O rendimento médio do óleo foi de 0,16%. Vinte e quatro compostos foram identificados<br/>pela análise através de CG e CG-EM. O componente majoritário do óleo essencial foi o citral<br/>(70,6-79,0%). Em menores quantidades foram identificados linalol (1,7-2,2%), geraniol (0,8-2,9%),<br/>nerol (0,5-2,5%) e β-mirceno ( 0,3-2,6%). A melhor produção do óleo foi observado na primavera.<br/><br/>Palavras-chave:Óleos essencias, erva cidreira, Lippia alba
520 ## - NOTA DE RESUMO
Nota de conteúdo <br/><br/>ABSTRACT: <br/><br/>Chemical characterization of erva cidreira’s essential oil (Lippia alba (Mill.)<br/>N. E. Br.) grown in Ilheus, Bahia State, Brazil. The essential oil of Lippia alba (Mill.) N. E. Br.<br/>collected in Ilheus was extracted by hydrodistillation for one hour using a Clevenger apparatus.<br/>The average yield was 0.16%. Twenty four compounds were identified by GC and GC-MS analysis.<br/>Citral was the main components of the oil (70.6-79.0%). Linalool (1.7-2.2%), geraniol (0.8-2.9%),<br/>nerol (0.5-2.5%) and β-myrcene (0.3-2.6%) were identified in low percentage. Lippia alba gave a<br/>higher yield of oil during spring.<br/><br/>Key words: Essencial oils, erva cidreira, Lippia alba
650 ## - ASSUNTO - THESAGRO
Cabeçalho tópico ou nome geográfico ÓLEO ESSENCIAL
650 ## - ASSUNTO - THESAGRO
Cabeçalho tópico ou nome geográfico ERVA CIDREIRA
650 ## - ASSUNTO - THESAGRO
Cabeçalho tópico ou nome geográfico LIPPIA ALBA
773 0# - ENTRADA ANALÍTICA
Host Biblionumber 3543
Registro do item 313785
Imprenta Botucatu-SP Instituto de Biociências - Departamento de Química e Bioquímica 1998
Outro identificador 2024-0053
Título Revista Brasileira de Plantas Medicinais (Brazil)
ISSN 1516-0572
Colação v. 8(3) p. 52-55; (2006)
Número de controle de registro BR2024000058
856 ## - ACESSO E ENDEREÇO ELETRÔNICO
Identificador uniforme de recurso - URI http://www.sbpmed.org.br/admin/files/papers/file_tdlvCWN1VyLO.pdf

Nenhum exemplar disponível.

BINAGRI

Telefone: (61)3218-2567/2388/3357/2097 - binagri@agro.gov.br

Ministério da Agricultura e Pecuária , Esplanada dos Ministérios, Bloco D, Anexo B, Brasília/DF, CEP: 70.043-900